[Event "World-chT Rapid"]
[Site "Dusseldorf"]
[Date "2023.08.28"]
[Round "12"]
[White "Li, Yunqi"]
[Black "Seel, Christian"]
[Result "0-1"]
[WhiteElo "1659"]
[BlackElo "2477"]
[PlyCount "94"]
[EventDate "2023.08.26"]
[EventType "team-swiss (rapid)"]
[EventRounds "12"]
[EventCountry "GER"]
[SourceTitle "CBM 215 Extra"]
[Source "ChessBase"]
[SourceDate "2023.09.30"]
[SourceVersion "1"]
[SourceVersionDate "2023.09.30"]
[SourceQuality "1"]
[WhiteTeam "Deutsche Schachjugend II"]
[BlackTeam "Aachen"]
[WhiteTeamCountry "GER"]
[BlackTeamCountry "GER"]

1. d4 Nf6 2. Nf3 g6 3. c4 Bg7 4. Nc3 d5 5. cxd5 Nxd5 6. e4 Nxc3 7. bxc3 c5 8. Be3 Qa5 9. Qd2 Nc6 10. Be2 0-0 11. Rc1 cxd4 12. cxd4 Qxd2+ 13. Kxd2 Rd8 14. Rc4 Bg4 15. Rb1 Bxf3 16. gxf3 Bxd4 17. Bxd4 Nxd4 18. Ke3 Nc6 19. Rc3 Rd7 20. Bb5 Rc8 21. Bxc6 bxc6 22. Rbc1 Rdc7 23. Rc5 Kf8 24. R1c3 Ke8 25. Ra3 Rb8 26. Rac3 Rb6 27. a4 Kd7 28. Rd3+ Kc8 29. Rdc3 Kb7 30. R5c4 Rb1 31. Kf4 a5 32. Rc5 Kb6 33. R5c4 Rb4 34. Ke3 Rxc4 35. Rxc4 Rd7 36. Ke2 c5 37. Rc2 Rd4 38. Ra2 Kc6 39. Ke3 Rb4 40. Ra1 Rb3+ 41. Ke2 c4 42. Rc1 Rb4 43. Ra1 Kc5 44. Kd2 Rb2+ 45. Ke3 c3 46. Rc1 Kc4 47. f4 Ra2 0-1

[Event "World-chT Rapid"]
[Site "Dusseldorf"]
[Date "2023.08.27"]
[Round "5.12"]
[White "Zuferi, Enis"]
[Black "Seel, Christian"]
[Result "1-0"]
[WhiteElo "2367"]
[BlackElo "2477"]
[PlyCount "125"]
[EventDate "2023.08.26"]
[EventType "team-swiss (rapid)"]
[EventRounds "12"]
[EventCountry "GER"]
[SourceTitle "CBM 215 Extra"]
[Source "ChessBase"]
[SourceDate "2023.09.30"]
[SourceVersion "1"]
[SourceVersionDate "2023.09.30"]
[SourceQuality "1"]
[WhiteTeam "Heilbronn Hustlers"]
[BlackTeam "Aachen"]
[WhiteTeamCountry "GER"]
[BlackTeamCountry "GER"]

1. d4 d6 2. c4 e5 3. d5 f5 4. e4 Nf6 5. Nc3 g6 6. Bd3 Bg7 7. Bg5 h6 8. Bd2 0-0 9. Qc2 Na6 10. a3 Nc5 11. Nge2 fxe4 12. Nxe4 Nxd3+ 13. Qxd3 Bf5 14. Nxf6+ Qxf6 15. Qe3 Qh4 16. Rc1 a5 17. 0-0 b6 18. Qg3 Qe7 19. Rfe1 Kh7 20. Qe3 Rf7 21. b4 axb4 22. axb4 Rff8 23. c5 bxc5 24. bxc5 Qf7 25. cxd6 cxd6 26. Bb4 Rfd8 27. Red1 Qb7 28. Bc3 h5 29. Ra1 Bh6 30. Qg3 Qb5 31. Qf3 Bg7 32. h3 Qb3 33. Qe3 Rdc8 34. Kh2 Rxa1 35. Rxa1 Qxd5 36. Ra7 Qc5 37. Qxc5 Rxc5 38. Bb4 Rc6 39. Nc3 Rc4 40. Nd5 Kh6 41. Bd2+ g5 42. Bxg5+ Kxg5 43. Rxg7+ Kh6 44. Rf7 Kg6 45. Rxf5 Kxf5 46. Ne3+ Ke4 47. Nxc4 d5 48. Nd6+ Kf4 49. Kg1 e4 50. Kf1 Ke5 51. Nxe4 Kxe4 52. Ke2 d4 53. g3 d3+ 54. Kd2 Kf3 55. Kxd3 Kxf2 56. g4 h4 57. g5 Kg3 58. g6 Kxh3 59. g7 Kh2 60. g8Q h3 61. Ke2 Kh1 62. Kf2 h2 63. Qg2# 1-0

[Event "BL2-West 2223"]
[Site "Germany"]
[Date "2023.02.26"]
[Round "8.1"]
[White "Livaic, Leon"]
[Black "Seel, Christian"]
[Result "1/2-1/2"]
[WhiteElo "2574"]
[BlackElo "2488"]
[PlyCount "81"]
[EventDate "2022.10.22"]
[EventType "team-tourn"]
[EventRounds "10"]
[EventCountry "GER"]
[SourceTitle "EXT 2024"]
[Source "ChessBase"]
[SourceDate "2023.10.10"]
[SourceVersion "1"]
[SourceVersionDate "2023.10.10"]
[SourceQuality "1"]
[WhiteTeam "Heimbach Weis/Neuwied"]
[BlackTeam "Aachen SV"]
[WhiteTeamCountry "GER"]
[BlackTeamCountry "GER"]

1. d4 d5 2. c4 c6 3. cxd5 cxd5 4. Bg5 Nc6 5. Nc3 f6 6. e4 dxe4 7. Be3 e6 8. Nxe4 Bb4+ 9. Nc3 Nge7 10. Bd3 Nd5 11. Nge2 Nxe3 12. fxe3 Bd6 13. 0-0 0-0 14. Ne4 f5 15. Nxd6 Qxd6 16. Qb3 Na5 17. Qc3 Nc6 18. e4 Bd7 19. e5 Qb4 20. Rac1 Rac8 21. Qxb4 Nxb4 22. Bc4 b5 23. Bb3 Rxc1 24. Rxc1 Rc8 25. Rd1 Kf7 26. Nc3 Bc6 27. Rd2 a6 28. Rf2 Ke7 29. a3 Nd3 30. Rd2 Nf4 31. h4 Nd5 32. Bxd5 Bxd5 33. Nxd5+ exd5 34. Kf2 Ke6 35. Ke3 Rc1 36. Kd3 a5 37. h5 g5 38. hxg6 hxg6 39. Rc2 Rxc2 40. Kxc2 g5 41. Kd3 1/2-1/2

[Event "BL2-West 2223"]
[Site "Germany"]
[Date "2022.11.27"]
[Round "4.1"]
[White "Krastev, Alexander"]
[Black "Seel, Christian"]
[Result "1-0"]
[WhiteElo "2422"]
[BlackElo "2488"]
[PlyCount "125"]
[EventDate "2022.10.22"]
[EventType "team-tourn"]
[EventRounds "10"]
[EventCountry "GER"]
[SourceTitle "EXT 2024"]
[Source "ChessBase"]
[SourceDate "2023.10.10"]
[SourceVersion "1"]
[SourceVersionDate "2023.10.10"]
[SourceQuality "1"]
[WhiteTeam "Solingen II"]
[BlackTeam "Aachen SV"]
[WhiteTeamCountry "GER"]
[BlackTeamCountry "GER"]

1. e4 e5 2. Nc3 Nc6 3. Bc4 Nf6 4. d3 Bc5 5. f4 0-0 6. Nf3 exf4 7. Bxf4 d6 8. Qd2 Be6 9. Bb3 a5 10. Bg5 h6 11. Bh4 Nd4 12. Bf2 Nxf3+ 13. gxf3 Bxf2+ 14. Qxf2 Nh5 15. 0-0-0 Qf6 16. a4 c6 17. Rhg1 Nf4 18. Qe3 Rfe8 19. Ne2 Nxe2+ 20. Qxe2 Bxb3 21. cxb3 b5 22. Qd2 bxa4 23. bxa4 Rab8 24. Rg2 Kh7 25. Qxa5 Ra8 26. Qc3 Re5 27. d4 Rea5 28. Qd3 g6 29. b3 c5 30. Rc2 Rb8 31. Rc3 Rb4 32. dxc5 dxc5 33. Qc2 Qf4+ 34. Rd2 Rb7 35. Qd3 Qb8 36. Kc2 Qa7 37. Rc4 Rb4 38. Rxb4 cxb4 39. Qd4 Rc5+ 40. Kb2 Qb6 41. f4 h5 42. h4 Qa5 43. Qd8 Qc7 44. Qxc7 Rxc7 45. Rd4 Rb7 46. Kc2 f6 47. Kd2 g5 48. fxg5 fxg5 49. Rd5 gxh4 50. Rxh5+ Kg6 51. Rxh4 Kg5 52. Rh8 Rd7+ 53. Ke3 Rc7 54. Rd8 Kf6 55. Rd4 Rc3+ 56. Rd3 Rc2 57. Kd4 Ke6 58. Rh3 Kd7 59. Rh7+ Kc6 60. Rh6+ Kc7 61. Rh5 Rd2+ 62. Kc4 Re2 63. Rh4 1-0

[Event "BEL-chT 2223"]
[Site "Belgium"]
[Date "2022.09.25"]
[Round "1.3"]
[White "Seel, Christian"]
[Black "Le Quang, Kim"]
[Result "1-0"]
[WhiteElo "2486"]
[BlackElo "2268"]
[PlyCount "73"]
[EventDate "2022.09.25"]
[EventType "team-tourn"]
[EventRounds "11"]
[EventCountry "BEL"]
[SourceTitle "EXT 2024"]
[Source "ChessBase"]
[SourceDate "2023.10.10"]
[SourceVersion "1"]
[SourceVersionDate "2023.10.10"]
[SourceQuality "1"]
[WhiteTeam "Eupen Rochade"]
[BlackTeam "Charleroi CREC"]
[WhiteTeamCountry "BEL"]
[BlackTeamCountry "BEL"]

1. Nf3 f5 2. d3 Nc6 3. d4 e6 4. g3 Nf6 5. Bg2 d5 6. 0-0 Be7 7. c4 0-0 8. cxd5 Nxd5 9. Nc3 Bf6 10. Qb3 Na5 11. Qc2 Nc6 12. Rd1 Kh8 13. h4 a5 14. e4 Nxc3 15. bxc3 fxe4 16. Ng5 Bxg5 17. Bxg5 Qe8 18. Qxe4 Bd7 19. Re1 Qf7 20. Qf4 h6 21. Qxf7 Rxf7 22. Bf4 Raf8 23. Rab1 b6 24. Bxc7 Rxf2 25. Rf1 Rxf1+ 26. Rxf1 Rxf1+ 27. Bxf1 a4 28. Bxb6 Ne7 29. Kf2 Nd5 30. Ba5 Kg8 31. c4 Nf6 32. Bg2 Kf7 33. a3 Ke7 34. Bb4+ Ke8 35. Bb7 g5 36. hxg5 hxg5 37. Ke2 1-0

[Event "Bundesliga 2122"]
[Site "Germany"]
[Date "2022.04.10"]
[Round "4.4"]
[White "Seel, Christian"]
[Black "Keymer, Vincent"]
[Result "0-1"]
[WhiteElo "2486"]
[BlackElo "2655"]
[PlyCount "120"]
[EventDate "2022.03.05"]
[EventType "team-tourn"]
[EventRounds "15"]
[EventCountry "GER"]
[SourceTitle "EXT 2023"]
[Source "ChessBase"]
[SourceDate "2022.10.05"]
[SourceVersion "1"]
[SourceVersionDate "2022.10.05"]
[SourceQuality "1"]
[WhiteTeam "Aachen"]
[BlackTeam "Deizisau"]
[WhiteTeamCountry "GER"]
[BlackTeamCountry "GER"]

1. Nf3 d5 2. d4 Nf6 3. c4 e6 4. Nc3 c6 5. Bg5 h6 6. Bxf6 Qxf6 7. Qb3 Nd7 8. e4 dxe4 9. Nxe4 Qf5 10. Bd3 Qa5+ 11. Nc3 e5 12. 0-0 exd4 13. Rae1+ Be7 14. Nxd4 Nc5 15. Qd1 Qd8 16. Bf5 0-0 17. Bxc8 Rxc8 18. Nf5 Bg5 19. Qf3 Qd3 20. Ne7+ Bxe7 21. Qxd3 Nxd3 22. Rxe7 Rb8 23. Re2 Rfd8 24. Rd1 Nc5 25. Red2 Rxd2 26. Rxd2 a5 27. b3 Re8 28. Kf1 g6 29. f3 Kg7 30. Kf2 g5 31. Rd4 f5 32. g3 Kf6 33. Rd6+ Re6 34. Rxe6+ Nxe6 35. Ke3 Ke5 36. Ne2 f4+ 37. gxf4+ gxf4+ 38. Kd3 Ng5 39. Ng1 c5 40. a3 b6 41. Kc3 h5 42. Kd3 Ne6 43. Ne2 Kf5 44. Kd2 Ng5 45. Ng1 Kf6 46. Kc3 Ke6 47. Kd2 Nf7 48. Ne2 Ke5 49. Nc3 Ng5 50. Ke2 Ne6 51. Na4 Nd4+ 52. Kd3 Nxf3 53. Nxb6 Nxh2 54. Na4 h4 55. Nxc5 Ng4 56. Ke2 h3 57. Kf3 h2 58. Kg2 f3+ 59. Kh1 Kf4 60. b4 f2 0-1

[Event "Bundesliga 2122"]
[Site "Germany"]
[Date "2022.04.09"]
[Round "3.3"]
[White "Vachier Lagrave, Maxime"]
[Black "Seel, Christian"]
[Result "1-0"]
[WhiteElo "2761"]
[BlackElo "2486"]
[PlyCount "95"]
[EventDate "2022.03.05"]
[EventType "team-tourn"]
[EventRounds "15"]
[EventCountry "GER"]
[SourceTitle "EXT 2023"]
[Source "ChessBase"]
[SourceDate "2022.10.05"]
[SourceVersion "1"]
[SourceVersionDate "2022.10.05"]
[SourceQuality "1"]
[WhiteTeam "Baden-Baden"]
[BlackTeam "Aachen"]
[WhiteTeamCountry "GER"]
[BlackTeamCountry "GER"]

1. e4 e5 2. Nf3 d6 3. d4 exd4 4. Nxd4 Nf6 5. Nc3 Be7 6. Bf4 0-0 7. Qd2 Nc6 8. 0-0-0 Nxd4 9. Qxd4 a6 10. e5 dxe5 11. Qxe5 Bd6 12. Qd4 Bxf4+ 13. Qxf4 Qe7 14. Bc4 Be6 15. Rhe1 Rad8 16. Rxd8 Rxd8 17. Bxe6 fxe6 18. Ne4 e5 19. Qh4 Kh8 20. Nc3 b5 21. a3 c5 22. Rd1 Rxd1+ 23. Nxd1 Qe6 24. b3 Kg8 25. Ne3 Kf7 26. Qg3 c4 27. bxc4 bxc4 28. Qf3 e4 29. Qf4 Qe7 30. Kb2 Qb7+ 31. Kc3 Qb1 32. Nxc4 Qa1+ 33. Kb3 Qb1+ 34. Nb2 Ke6 35. g4 h6 36. h4 Qe1 37. Qf5+ Ke7 38. Qe5+ Kf7 39. g5 hxg5 40. hxg5 Nd7 41. g6+ Kf8 42. Qd4 Ke8 43. Nd1 Nf6 44. Nc3 Ke7 45. Qa7+ Ke6 46. Qxg7 Qxf2 47. Qf7+ Ke5 48. Qe7+ 1-0

[Event "NED-chT 2122"]
[Site "Netherlands"]
[Date "2021.11.06"]
[Round "3.2"]
[White "Seel, Christian"]
[Black "Van der Stricht, Geert"]
[Result "1-0"]
[WhiteElo "2482"]
[BlackElo "2369"]
[PlyCount "151"]
[EventDate "2021.09.18"]
[EventType "team-tourn"]
[EventRounds "9"]
[EventCountry "NED"]
[SourceTitle "EXT 2023"]
[Source "ChessBase"]
[SourceDate "2022.10.05"]
[SourceVersion "1"]
[SourceVersionDate "2022.10.05"]
[SourceQuality "1"]
[WhiteTeam "Zuid Limburg"]
[BlackTeam "Den Bosch HMC"]
[WhiteTeamCountry "NED"]
[BlackTeamCountry "NED"]

1. Nf3 d5 2. d4 Nf6 3. c4 c6 4. e3 Bg4 5. Nc3 e6 6. h3 Bh5 7. g4 Bg6 8. Ne5 Nbd7 9. Nxg6 hxg6 10. g5 Nh5 11. h4 Bd6 12. Bd2 Qe7 13. Qb3 Rb8 14. Be2 a6 15. 0-0-0 dxc4 16. Qxc4 c5 17. dxc5 Nxc5 18. Ne4 b5 19. Qc2 0-0 20. Nxd6 Qxd6 21. Bb4 Nd3+ 22. Qxd3 Qxb4 23. Kb1 Rbc8 24. Qd4 Qa5 25. Rc1 Rcd8 26. Qc3 Qa4 27. Bf3 Rd6 28. b3 Qa3 29. Rhd1 Rfd8 30. Rxd6 Qxd6 31. Rd1 Qb6 32. Kc2 Rxd1 33. Kxd1 Qd6+ 34. Ke1 Qa3 35. Qd2 Qc5 36. Qd7 Qb4+ 37. Ke2 Qxh4 38. Qc8+ Kh7 39. Qxa6 Qxg5 40. a4 Qe5 41. Qxb5 Nf4+ 42. Kd1 Qa1+ 43. Kc2 Qa2+ 44. Kc3 Qa1+ 45. Kc2 Qa2+ 46. Kc3 Qa1+ 47. Kb4 Qe1+ 48. Kc5 Qxf2 49. Bc6 Qxe3+ 50. Kd6 Qd4+ 51. Kc7 e5 52. a5 Ne6+ 53. Kb7 Qd6 54. a6 Qc7+ 55. Ka8 Qc8+ 56. Ka7 Nd4 57. Qb7 Qf8 58. Ba4 Qc5+ 59. Qb6 Qe7+ 60. Kb8 Qf8+ 61. Kb7 Qe7+ 62. Kc8 Qf8+ 63. Kd7 f5 64. a7 Qf7+ 65. Kc8 Qf8+ 66. Kc7 Qa8 67. Qb8 Qd5 68. a8Q Ne6+ 69. Kc8 Qd8+ 70. Kb7 Qe7+ 71. Kc6 Kh6 72. Qaa7 Nd4+ 73. Kb6 Qb4+ 74. Ka6 Qc3 75. Qh8+ Kg5 76. Qe7+ 1-0

[Event "Bundesliga 1920"]
[Site "Germany"]
[Date "2021.10.15"]
[Round "12.1"]
[White "Seel, Christian"]
[Black "Navara, David"]
[Result "0-1"]
[WhiteElo "2485"]
[BlackElo "2703"]
[PlyCount "118"]
[EventDate "2019.11.23"]
[EventType "team-tourn"]
[EventRounds "15"]
[EventCountry "GER"]
[SourceTitle "EXT 2022"]
[Source "ChessBase"]
[SourceDate "2021.10.06"]
[SourceVersion "1"]
[SourceVersionDate "2021.10.06"]
[SourceQuality "1"]
[WhiteTeam "Aachen"]
[BlackTeam "Muelheim Nord"]
[WhiteTeamCountry "GER"]
[BlackTeamCountry "GER"]

1. Nf3 d5 2. d4 Nf6 3. c4 e6 4. g3 dxc4 5. Qa4+ Nbd7 6. Qxc4 a6 7. Bg2 b5 8. Qc6 Ra7 9. Qc2 c5 10. Be3 Nd5 11. Bg5 Be7 12. Bxe7 Qxe7 13. dxc5 Rc7 14. c6 Nb4 15. Qd2 Nxc6 16. Nc3 0-0 17. 0-0 Bb7 18. Rfd1 Nf6 19. Qd6 Rfc8 20. Ng5 Qxd6 21. Rxd6 Kf8 22. Rad1 Ke7 23. R6d2 Ne5 24. Bxb7 Rxb7 25. Nge4 Ne8 26. Nd6 Nxd6 27. Rxd6 Ra7 28. R6d4 Nc4 29. b3 Ne5 30. Ne4 Rc2 31. R1d2 Rac7 32. Kg2 h6 33. Rxc2 Rxc2 34. Rd2 Rxd2 35. Nxd2 Kd6 36. f4 Nc6 37. Kf2 Nb4 38. a4 Nc2 39. axb5 axb5 40. e3 Kc5 41. Ne4+ Kb4 42. Nd6 f5 43. Ke2 Na3 44. e4 g6 45. h3 h5 46. exf5 exf5 47. g4 fxg4 48. hxg4 hxg4 49. Kf2 Nc2 50. f5 gxf5 51. Nxf5 Kxb3 52. Ne7 Nd4 53. Kg3 Kc4 54. Nc8 Kc5 55. Ne7 b4 56. Ng6 b3 57. Nf4 Kc4 58. Ng2 b2 59. Ne3+ Kd3 0-1

[Event "NED-chT Promotion Meesterklasse"]
[Site "Netherlands"]
[Date "2021.06.26"]
[Round "1.1"]
[White "Breukelman, Jan"]
[Black "Seel, Christian"]
[Result "1/2-1/2"]
[WhiteElo "2416"]
[BlackElo "2483"]
[PlyCount "110"]
[EventDate "2021.06.26"]
[EventType "team-match"]
[EventRounds "1"]
[EventCountry "NED"]
[SourceTitle "EXT 2024"]
[Source "ChessBase"]
[SourceDate "2023.10.10"]
[SourceVersion "1"]
[SourceVersionDate "2023.10.10"]
[SourceQuality "1"]
[WhiteTeam "Paul Keres"]
[BlackTeam "Zuid Limburg"]
[WhiteTeamCountry "NED"]
[BlackTeamCountry "NED"]

1. c4 Nf6 2. Nc3 c5 3. Nf3 Nc6 4. e3 g6 5. d4 cxd4 6. exd4 d5 7. cxd5 Nxd5 8. Qb3 Nxc3 9. Bc4 Nd5 10. Bxd5 e6 11. Bxc6+ bxc6 12. 0-0 Qd5 13. Be3 f6 14. Nd2 Be7 15. f3 Kf7 16. Rfd1 Bd7 17. Qc2 Rhd8 18. Ne4 Be8 19. Bf2 a5 20. b3 Qf5 21. h4 a4 22. bxa4 Qa5 23. Qc1 Qf5 24. Rb1 Rxa4 25. Rb7 Rd7 26. Qxc6 Qd5 27. Qxd5 exd5 28. Rxd7 Bxd7 29. Nc3 Ra3 30. Nxd5 Rxa2 31. Rc1 Bd6 32. Nc3 Ra5 33. Be3 h5 34. Kf2 Be7 35. Rc2 Ra6 36. Ra2 Rc6 37. Ne4 Be6 38. Ra7 Ke8 39. Kg3 Rc2 40. Bd2 Bd5 41. Bb4 Bxb4 42. Nxf6+ Kf8 43. Nh7+ Ke8 44. Nf6+ Kf8 45. Nxd5 Bd2 46. Nf4 Bxf4+ 47. Kxf4 Rxg2 48. Ke5 Rg3 49. Ra3 Kf7 50. d5 g5 51. d6 gxh4 52. Ra7+ Ke8 53. Re7+ Kd8 54. Rh7 Rxf3 55. Rxh5 h3 1/2-1/2

[Event "Titled Tuesday intern op 08th June"]
[Site "Chess.com INT"]
[Date "2021.06.08"]
[Round "7"]
[White "Seel, Christian"]
[Black "Aitbayev, Aslan"]
[Result "1/2-1/2"]
[WhiteElo "2483"]
[BlackElo "2475"]
[PlyCount "84"]
[EventDate "2021.06.08"]
[EventType "swiss (blitz)"]
[EventRounds "11"]
[EventCountry "USA"]
[SourceTitle "CBM 202 Extra"]
[Source "ChessBase"]
[SourceDate "2021.07.31"]
[SourceVersion "1"]
[SourceVersionDate "2021.07.31"]
[SourceQuality "1"]

1. Nf3 d5 2. d4 Nf6 3. g3 Bf5 4. Bg2 e6 5. 0-0 Bd6 6. c4 c6 7. b3 0-0 8. Ba3 Bxa3 9. Nxa3 Nbd7 10. Nc2 Ne4 11. Ne3 Bg6 12. Qc1 Qa5 13. a3 h6 14. b4 Qd8 15. Nd2 f5 16. f4 Bh5 17. Bf3 Nxd2 18. Qxd2 Nf6 19. cxd5 Bxf3 20. exf3 cxd5 21. Rfc1 Qb6 22. Rc5 Nd7 23. Rc2 Rfc8 24. Rac1 Rxc2 25. Rxc2 a5 26. Kf2 Kh7 27. h3 Qd6 28. Qc3 axb4 29. Qxb4 Qa6 30. Rc7 Nf6 31. Qe7 Ne8 32. Rc2 Qd3 33. Qxe6 g6 34. Qf7+ Ng7 35. h4 Rxa3 36. Re2 Qxd4 37. Qxb7 h5 38. Qf7 Rd3 39. Qb7 Qc5 40. Qf7 Qd4 41. Qc7 Rc3 42. Qf7 Rd3 1/2-1/2

[Event "Titled Tuesday intern op 08th June"]
[Site "Chess.com INT"]
[Date "2021.06.08"]
[Round "9"]
[White "Seel, Christian"]
[Black "Can, Emre"]
[Result "0-1"]
[WhiteElo "2483"]
[BlackElo "2569"]
[PlyCount "88"]
[EventDate "2021.06.08"]
[EventType "swiss (blitz)"]
[EventRounds "11"]
[EventCountry "USA"]
[SourceTitle "CBM 202 Extra"]
[Source "ChessBase"]
[SourceDate "2021.07.31"]
[SourceVersion "1"]
[SourceVersionDate "2021.07.31"]
[SourceQuality "1"]

1. Nf3 Nf6 2. g3 g6 3. Bg2 Bg7 4. 0-0 0-0 5. b3 d6 6. d4 c5 7. Bb2 cxd4 8. Nxd4 Na6 9. c4 Nc5 10. Nc3 a5 11. e3 Bg4 12. Qc2 Qc8 13. Rfe1 Bh3 14. Bh1 h5 15. Rac1 h4 16. Nd5 Nxd5 17. Bxd5 Kh7 18. Nf3 Qg4 19. Nxh4 Bxb2 20. Qxb2 Nd3 21. Qd2 Nxe1 22. Rxe1 Qd7 23. Nf3 f6 24. Nd4 Kg7 25. Qc2 Bf5 26. Qe2 Rh8 27. f3 e6 28. Be4 Bxe4 29. fxe4 e5 30. Nb5 Rh3 31. Rf1 Rah8 32. Rf2 Qe6 33. Nc3 f5 34. exf5 gxf5 35. Nd5 R8h5 36. Qd2 Qh6 37. Ne7 Qe6 38. Nd5 b6 39. Nxb6 Qh6 40. Nd5 Rxg3+ 41. Rg2 Rxg2+ 42. Kxg2 Rxh2+ 43. Kf1 Rxd2 44. Ke1 Qh2 0-1

[Event "Titled Tuesday intern op 06th Apr"]
[Site "Chess.com INT"]
[Date "2021.04.06"]
[Round "3"]
[White "Seel, Christian"]
[Black "Yilmaz, Mustafa"]
[Result "0-1"]
[WhiteElo "2483"]
[BlackElo "2630"]
[PlyCount "46"]
[EventDate "2021.04.06"]
[EventType "swiss (blitz)"]
[EventRounds "11"]
[EventCountry "USA"]
[SourceTitle "CBM 201 Extra"]
[Source "ChessBase"]
[SourceDate "2021.05.31"]
[SourceVersion "1"]
[SourceVersionDate "2021.05.31"]
[SourceQuality "1"]

1. Nf3 c5 2. c4 Nc6 3. Nc3 g6 4. e3 Nf6 5. d4 cxd4 6. exd4 d5 7. cxd5 Nxd5 8. Bb5 Bg7 9. 0-0 0-0 10. Bxc6 bxc6 11. Bg5 h6 12. Bh4 Rb8 13. Re1 g5 14. Bg3 Rxb2 15. Nxd5 Qxd5 16. Rxe7 Bg4 17. Rxa7 Rd8 18. Rc1 c5 19. h3 Bh5 20. Ra5 Bxd4 21. Qe1 Bxf3 22. gxf3 Qxf3 23. Ra6 Qxg3+ 0-1

[Event "Titled Tuesday intern op 09th Mar"]
[Site "Chess.com INT"]
[Date "2021.03.09"]
[Round "7"]
[White "Seel, Christian"]
[Black "Friedel, Tom"]
[Result "0-1"]
[WhiteElo "2483"]
[BlackElo "2295"]
[PlyCount "178"]
[EventDate "2021.03.09"]
[EventType "swiss (blitz)"]
[EventRounds "11"]
[EventCountry "USA"]
[SourceTitle "CBM 201 Extra"]
[Source "ChessBase"]
[SourceDate "2021.05.31"]
[SourceVersion "1"]
[SourceVersionDate "2021.05.31"]
[SourceQuality "1"]

1. Nf3 c6 2. d4 d5 3. c4 Nf6 4. cxd5 cxd5 5. Nc3 e6 6. g3 Be7 7. Bg2 Nc6 8. 0-0 0-0 9. Bf4 Bd7 10. Rc1 Rc8 11. Na4 Ne4 12. a3 Bd6 13. Bxd6 Nxd6 14. Nc5 Rc7 15. Ne5 Bc8 16. Nxc6 Rxc6 17. b3 Qc7 18. Nd3 Bd7 19. Rxc6 Bxc6 20. Qc1 Rc8 21. a4 Nf5 22. e3 b6 23. Qa3 Qb7 24. Rc1 Be8 25. Rxc8 Qxc8 26. Qc1 Qxc1+ 27. Nxc1 Kf8 28. Kf1 Ke7 29. Ke1 Kd6 30. Nd3 f6 31. Kd2 Ne7 32. Bh3 Nc6 33. Kc3 Bd7 34. b4 Nb8 35. b5 e5 36. Bxd7 Nxd7 37. Nb4 Nb8 38. f3 Ke6 39. Kd3 Kd6 40. g4 Ke6 41. h4 Kd6 42. e4 dxe4+ 43. Kxe4 exd4 44. Kxd4 Nd7 45. Nc6 a5 46. Kc4 Nc5 47. Nd4 Nxa4 48. Nf5+ Ke5 49. Nxg7 Nb2+ 50. Kb3 Nd3 51. Nh5 Nf4 52. Ng7 Ne2 53. Nh5 Nd4+ 54. Kc4 Nxf3 55. g5 fxg5 56. hxg5 Nxg5 57. Kc3 Ne4+ 58. Kc4 Nd6+ 59. Kb3 Nxb5 60. Kc4 Nd6+ 61. Kc3 b5 62. Kd3 b4 63. Kc2 a4 64. Ng3 b3+ 65. Kc3 Nb5+ 66. Kb2 Kf4 67. Nf1 h5 68. Nd2 h4 69. Nf1 Kf3 70. Nd2+ Kg2 71. Nc4 h3 72. Ne3+ Kf3 73. Nf1 Kg2 74. Ne3+ Kf2 75. Ng4+ Kg3 76. Ne3 h2 77. Nf1+ Kg2 78. Nxh2 Kxh2 79. Kc1 Kg3 80. Kd2 Kf3 81. Kd3 Kf4 82. Kd2 Ke4 83. Kc1 Kd4 84. Kb2 Kc4 85. Kb1 a3 86. Kc1 Kc3 87. Kb1 b2 88. Ka2 Kd2 89. Kb1 Nc3# 0-1

[Event "Titled Tuesday intern op 09th Mar"]
[Site "Chess.com INT"]
[Date "2021.03.09"]
[Round "10"]
[White "Seel, Christian"]
[Black "Kiselev, Pavel"]
[Result "1-0"]
[WhiteElo "2483"]
[BlackElo "2336"]
[PlyCount "67"]
[EventDate "2021.03.09"]
[EventType "swiss (blitz)"]
[EventRounds "11"]
[EventCountry "USA"]
[SourceTitle "CBM 201 Extra"]
[Source "ChessBase"]
[SourceDate "2021.05.31"]
[SourceVersion "1"]
[SourceVersionDate "2021.05.31"]
[SourceQuality "1"]

1. Nf3 e6 2. d4 d5 3. Bf4 Bd6 4. e3 Bxf4 5. exf4 Nf6 6. c3 0-0 7. Bd3 c5 8. 0-0 b6 9. Qe2 Qc7 10. g3 cxd4 11. cxd4 Bb7 12. Nc3 Nbd7 13. Rac1 Qd8 14. Nb5 a6 15. Nd6 Qb8 16. Nxb7 Qxb7 17. Ne5 Rfc8 18. Rxc8+ Qxc8 19. f5 exf5 20. Bxf5 Qe8 21. Re1 Qd8 22. Rc1 g6 23. Bxd7 Nxd7 24. Rc6 Qe8 25. Rd6 Nxe5 26. Qxe5 Qxe5 27. dxe5 Rc8 28. Rxb6 Rc2 29. Kg2 Re2 30. Kf3 Rxe5 31. Rxa6 d4 32. Rd6 Rf5+ 33. Ke2 Rc5 34. Rxd4 1-0

[Event "Titled Tuesday intern op 09th Mar"]
[Site "Chess.com INT"]
[Date "2021.03.09"]
[Round "8"]
[White "Vifleemskaia, Svetlana"]
[Black "Seel, Christian"]
[Result "1-0"]
[WhiteElo "1926"]
[BlackElo "2483"]
[PlyCount "115"]
[EventDate "2021.03.09"]
[EventType "swiss (blitz)"]
[EventRounds "11"]
[EventCountry "USA"]
[SourceTitle "CBM 201 Extra"]
[Source "ChessBase"]
[SourceDate "2021.05.31"]
[SourceVersion "1"]
[SourceVersionDate "2021.05.31"]
[SourceQuality "1"]

1. d4 e6 2. c4 Ke7 3. Nc3 g6 4. e4 h6 5. f4 Kf6 6. Nf3 d6 7. e5+ Kg7 8. Bd3 Nc6 9. Be3 Nge7 10. 0-0 Nf5 11. Qe2 Be7 12. Rad1 Nb4 13. Bb1 d5 14. a3 Nc6 15. g4 Nxe3 16. Qxe3 dxc4 17. f5 exf5 18. gxf5 Bxf5 19. d5 Nb8 20. Bxf5 gxf5 21. Nd4 Bg5 22. Nxf5+ Kf8 23. Qc5+ Be7 24. d6 cxd6 25. exd6 Bf6 26. d7+ Kg8 27. Qxc4 Nxd7 28. Ne4 Qb6+ 29. Kh1 Ne5 30. Qd5 Kh7 31. Nfd6 Bg7 32. Nxf7 Rae8 33. Ned6 Re6 34. Qxe6 Qc6+ 35. Qd5 Qc2 36. Nxh8 Bxh8 37. Qe4+ Qxe4+ 38. Nxe4 Kg6 39. Rd8 Bg7 40. Rb8 Ng4 41. Rxb7 Be5 42. Rg1 Kf5 43. Rxg4 Kxg4 44. Nc5 h5 45. Nd3 Bd4 46. Rb4 h4 47. Rxd4+ Kh3 48. Kg1 a5 49. Rd7 a4 50. Nc5 Kg4 51. Nxa4 Kh3 52. b4 Kg4 53. b5 Kf3 54. b6 Kg4 55. b7 Kh3 56. b8Q Kg4 57. Qb4+ Kh3 58. Rd3# 1-0